SpaceX Rockets/Spacecraft by Picture - Statistics

General Stats
  • This quiz has been taken 284 times
  • The average score is 4 of 6
Answer Stats
Picture Answer % Correct
Falcon 9
96%
Falcon Heavy
96%
Dragon Capsule
90%
Falcon 1
83%
BFR
61%
BFS
12%
No matching quizzes found
Score Distribution
Percent of People with Each Score
Percentile by Number Answered
Your Score History
You have not taken this quiz